000 00821nam a2200229Ii 4500
003 JO-AjNU
008 230605s9999||||xx |||||||||||||| ||und||
017 _a2011/6/2011
020 _a978-9957-19-042-2
040 _aJO-AjNU
_bara
_erda
_cJO-AjNU
041 _aara
050 1 4 _aDS36.8.T52 2011
100 3 _aمقدسي، سمير... وآخرون؛ مراجعة وتقديم سالم ساري,
_eauthor
_946216
245 0 0 _aالثقافة العربية وأسئلة التنمية والتحديث
250 _aط1
264 3 1 _aعمان: مؤسسة عبد الحميد شومان، 2011
300 _a254ص
336 _atext
_btxt
_2rdacontent
337 _aunmediated
_bn
_2rdamedia
338 _avolume
_bnc
_2rdacarrier
650 4 _a الثقافة العربية - مقالات ومحاضرات
_946217
999 _aA20089
_c23657
_d23657